| 000 -LEADER |
| fixed length control field |
00663pam a2200205 a 4500 |
| 020 ## - INTERNATIONAL STANDARD BOOK NUMBER |
| ISBN |
047159072X (acidfree paper) |
| 040 ## - CATALOGING SOURCE |
| Transcribing agency |
DLC |
| 082 00 - DEWEY DECIMAL CLASSIFICATION NUMBER |
| Classification number |
363 JON 1993 A011 Or. |
| 245 04 - TITLE STATEMENT |
| Title |
The emerging global food system : |
| Remainder of title |
public and private sector issues / |
| 260 ## - PUBLICATION, DISTRIBUTION, ETC. (IMPRINT) |
| Place of publication |
New York : |
| Name of publisher |
John Wiley, |
| Year of publication |
c1993. |
| 300 ## - PHYSICAL DESCRIPTION |
| Number of Pages |
xii, 252 p. ; |
| Dimensions |
25 cm. |
| 650 #0 - SUBJECT ADDED ENTRY--TOPICAL TERM |
| Topical Term |
Nutrition policy |
| 650 #0 - SUBJECT ADDED ENTRY--TOPICAL TERM |
| Topical Term |
Food industry and trade |
| 650 #0 - SUBJECT ADDED ENTRY--TOPICAL TERM |
| Topical Term |
Food supply |
| 700 1# - ADDED ENTRY--PERSONAL NAME |
| Personal name |
Gaull, Gerald E. |
| 700 1# - ADDED ENTRY--PERSONAL NAME |
| Personal name |
Goldberg, Ray Allan, |
| 856 42 - ELECTRONIC LOCATION AND ACCESS |
| Uniform Resource Identifier |
http://www.loc.gov/catdir/description/wiley032/93016590.html |
| 856 4# - ELECTRONIC LOCATION AND ACCESS |
| Uniform Resource Identifier |
http://www.loc.gov/catdir/toc/onix02/93016590.html |
| 942 ## - ADDED ENTRY ELEMENTS (KOHA) |
| Koha item type |
សៀវភៅភាសាអង់គ្លេស |
| 952 ## - LOCATION AND ITEM INFORMATION (KOHA) |
| Withdrawn status [LOCAL, KOHA] |
0 |
| 952 ## - LOCATION AND ITEM INFORMATION (KOHA) |
| Withdrawn status [LOCAL, KOHA] |
0 |